000 00843nam a2200241 a 4500
001 000013763
005 20240501100753.0
008 091130s2006 dr a r 000 0 spa d
020 _a9945000616
040 _aDO-SdBNP
_bspa
_cBNPHU
082 _a371.9144
_aA454d
100 1 _aAlonso Padua, Alejandro
_931243
245 1 0 _aDislexia en el ámbito familiar y escolar /
_cAlejandro Alonso Padua.
260 _aSanto Domingo :
_bSurco,
_c2006.
300 _a142 p. :
_bil. ;
_c22 cm.
500 _aIncluye datos biográficos del autor en las solapas
500 _aIncluye referencias bibliográficas y notas al pie de las páginas
504 _aBibliografía : p. 137-142
590 _aInventariado, 2018/BT
650 0 _aDislexia
_931244
650 4 _aLectura
_xEnseñanza correctiva
_931245
910 _aValidado. Control de calidad. MFF
999 _c13376
_d13376